Nahradí tzv. product placement reklamu ?

Progresívnym marketingovým nástrojom je tzv. product placement, pri ktorom je prezentácia výrobku prirodzenou súčasťou relácie a divák v prípade, že ho program zaujme, nemá možnosť vyhnúť sa jej. Výhody tohto moderného nástroja. Na Slovensku sa tento nástroj využíva najmä v reality šou. PP je vhodný...

Full description

Saved in:
Bibliographic Details
Main Author: Lesay, Juraj
Format: Book Chapter
Language:Slovak
Subjects:
Tags: Add Tag
No Tags, Be the first to tag this record!

MARC

LEADER 00000naa$a2200000$$$4500
001 0055151
005 20231128092511.0
041 0 |a slo 
044 |a SK 
245 1 0 |a Nahradí tzv. product placement reklamu ?  |c Juraj Lesay 
520 |a Progresívnym marketingovým nástrojom je tzv. product placement, pri ktorom je prezentácia výrobku prirodzenou súčasťou relácie a divák v prípade, že ho program zaujme, nemá možnosť vyhnúť sa jej. Výhody tohto moderného nástroja. Na Slovensku sa tento nástroj využíva najmä v reality šou. PP je vhodný najmä na budovanie imidžu značky a na zvýšenie všeobecného povedomia o značkách. 
610 2 0 |a komunikácia marketingová 
610 2 0 |a nástroje marketingové 
610 2 0 |a televízia 
610 2 0 |a domy obchodné 
100 1 |a Lesay, Juraj